Artilheiros do Vasco em 2025 - Statistics

Estatísticas Gerais
  • Esse quiz foi jogado 58 vezes
  • A pontuação média é 11 de 18
Estatísticas das Respostas
Jogos Gols Jogador % Correto
49 11 Coutinho
100%
56 26 Vegetti
100%
49 17 Rayan
92%
48 9 Nuno Moreira
85%
51 4 Paulo Henrique
81%
51 1 Lucas Piton
79%
55 1 Hugo Moura
67%
10 1 Carlos Cuesta
65%
26 2 David
63%
35 2 Puma Rodríguez
63%
45 2 Tchê Tchê
63%
38 2 João Victor
50%
13 2 GB
46%
27 1 Jair
44%
35 1 Lucas Freitas
44%
25 1 Paulinho
35%
2 1 Paulo Ricardo
35%
1 1 Walace
10%
Nenhum quiz correspondente encontrado
Distribuição das Pontuações
Porcentagem de Pessoas com Cada Pontuação
Percentil de Números Respondidos
Sua Pontuação Histórica
Você não jogou esse quiz